Statistiques concernant Test de rapidité "JetPunk" en 30 secondes

Cliquez ici pour prendre le quiz!

Statistiques générales

  • Ce quiz a été pris 508 fois
    (431 depuis la dernière actualisation)
  • Le résultat moyen est 73 sur 224

Statistiques - réponses

lettre#% Correct
jj
100%
ee
99%
tt
99%
pp
98%
kk
97%
nn
97%
uu
97%
jj
95%
ee
94%
pp
94%
tt
94%
jj
93%
kk
93%
nn
93%
uu
93%
ee
92%
pp
92%
tt
92%
uu
92%
jj
91%
kk
91%
nn
91%
ee
90%
kk
89%
nn
89%
pp
89%
tt
89%
uu
89%
ee
88%
jj
88%
tt
87%
pp
86%
kk
85%
nn
85%
uu
85%
ee
84%
jj
84%
tt
83%
pp
81%
uu
81%
kk
79%
nn
79%
ee
78%
jj
78%
pp
77%
tt
77%
uu
77%
nn
76%
kk
75%
ee
74%
jj
74%
tt
74%
pp
73%
uu
72%
nn
71%
kk
70%
jj
68%
ee
67%
pp
67%
tt
67%
uu
67%
nn
66%
kk
65%
ee
62%
jj
62%
pp
61%
tt
61%
uu
60%
kk
59%
nn
59%
jj
56%
ee
55%
tt
53%
pp
52%
uu
50%
kk
49%
nn
49%
ee
47%
jj
47%
tt
46%
pp
44%
uu
43%
kk
41%
nn
41%
jj
38%
ee
37%
tt
36%
pp
35%
nn
33%
uu
33%
kk
31%
jj
28%
ee
27%
tt
26%
pp
24%
nn
23%
uu
23%
kk
22%
jj
20%
ee
19%
tt
18%
pp
17%
jj
15%
kk
15%
nn
15%
uu
15%
ee
14%
pp
13%
tt
13%
nn
12%
uu
12%
ee
11%
jj
11%
kk
11%
pp
11%
tt
11%
uu
11%
ee
10%
jj
10%
kk
10%
nn
10%
tt
10%
pp
9%
ee
8%
jj
8%
kk
8%
nn
8%
uu
8%
jj
7%
kk
7%
nn
7%
pp
7%
tt
7%
uu
7%
ee
6%
pp
6%
tt
6%
kk
5%
nn
5%
uu
5%
ee
4%
jj
4%
kk
4%
nn
4%
pp
4%
tt
4%
uu
4%
jj
3%
ee
2%
kk
2%
nn
2%
pp
2%
tt
2%
uu
2%
ee
1%
ee
1%
jj
1%
jj
1%
kk
1%
nn
1%
pp
1%
pp
1%
tt
1%
tt
1%
uu
1%
uu
1%
ee
0%
ee
0%
ee
0%
ee
0%
ee
0%
ee
0%
ee
0%
ee
0%
jj
0%
jj
0%
jj
0%
jj
0%
jj
0%
jj
0%
jj
0%
jj
0%
kk
0%
kk
0%
kk
0%
kk
0%
kk
0%
kk
0%
kk
0%
kk
0%
kk
0%
nn
0%
nn
0%
nn
0%
nn
0%
nn
0%
nn
0%
nn
0%
nn
0%
nn
0%
pp
0%
pp
0%
pp
0%
pp
0%
pp
0%
pp
0%
pp
0%
pp
0%
tt
0%
tt
0%
tt
0%
tt
0%
tt
0%
tt
0%
tt
0%
tt
0%
uu
0%
uu
0%
uu
0%
uu
0%
uu
0%
uu
0%
uu
0%
uu
0%

Distribution des résultats

Percentile par nombre de réponses

% des personnes avec chaque résultat

Votre développement - résultats

Vous n’avez pas pris ce quiz depuis la dernière actualisation